Library of the University of Algiers 3
Ibrahim Sultan Cheibout
شعار جامعة الجزائر 3
مكتبة جامعة الجزائر 3
إبراهيم سلطان شيبوط

تأثير المنافسة على الإلتزام بضمان سلامة المنتوج / (رقم التسجيلة. 44385)

تفاصيل مارك
000 -LEADER
fixed length control field 01151nam a2200229Ia 4500
003 - CONTROL NUMBER IDENTIFIER
control field Ost
005 - DATE AND TIME OF LATEST TRANSACTION
control field 20260507075410.0
008 - FIXED-LENGTH DATA ELEMENTS--GENERAL INFORMATION
fixed length control field 260507s9999||||xx |||||||||||||| ||und||
040 ## - CATALOGING SOURCE
Transcribing agency fsecg
041 ## - LANGUAGE CODE
Language code of text/sound track or separate title ara
082 ## - DEWEY DECIMAL CLASSIFICATION NUMBER
Classification number 330
100 ## - MAIN ENTRY--PERSONAL NAME
Personal name فتاك، على
Relator term مؤلف
245 #0 - TITLE STATEMENT
Title تأثير المنافسة على الإلتزام بضمان سلامة المنتوج /
Statement of responsibility, etc. على فتاك
260 ## - PUBLICATION, DISTRIBUTION, ETC.
Place of publication, distribution, etc. الإسكندرية:
Name of publisher, distributor, etc. دار الفكر الجامعي,
Date of publication, distribution, etc. 2008
300 ## - PHYSICAL DESCRIPTION
Extent 601 صفحة؛
Other physical details إيضاحات ؛
Dimensions 24 سم
504 ## - BIBLIOGRAPHY, ETC. NOTE
Bibliography, etc. note المراجع ص.545
520 ## - SUMMARY, ETC.
Summary, etc. يضم الإلتزام بضمان سلامة المنتوج، نشأة الإلتزام بضمان سلامة المنتوج، ذاتية الإلتزام بضمان سلامة المنتوج، أعمال المنافسة في مجال الالتزام بضمان سلامة المنتوج، القواعد الوقائية لضمان سلامة المنتوج، القواعد الجزائية لضمان سلامة المنتوج
653 ## - INDEX TERM--UNCONTROLLED
Uncontrolled term إدارة الإنتاج
653 ## - INDEX TERM--UNCONTROLLED
Uncontrolled term المنافسة
653 ## - INDEX TERM--UNCONTROLLED
Uncontrolled term ضبط الجودة
942 ## - ADDED ENTRY ELEMENTS (KOHA)
Koha item type كتب
المقتنيات
Withdrawn status Lost status Source of classification or shelving scheme Damaged status Not for loan Home library Current library Date acquired Serial enumeration / chronology Inventory number Total checkouts Full call number Barcode Date last seen Price effective from Koha item type
    Dewey Decimal Classification   NOT LOAN / إعارة داخلية مكتبة كلية العلوم الإقتصادية والعلوم التجارية وعلوم التسيير مكتبة كلية العلوم الإقتصادية والعلوم التجارية وعلوم التسيير 07/05/2026 الطابق الأرضي 26980   أ/4448ن1 26980 07/05/2026 07/05/2026 كتب
    Dewey Decimal Classification   Available مكتبة كلية العلوم الإقتصادية والعلوم التجارية وعلوم التسيير مكتبة كلية العلوم الإقتصادية والعلوم التجارية وعلوم التسيير 07/05/2026 الطابق الأرضي 26981   أ/4448ن2 26981 07/05/2026 07/05/2026 كتب
    Dewey Decimal Classification   Available مكتبة كلية العلوم الإقتصادية والعلوم التجارية وعلوم التسيير مكتبة كلية العلوم الإقتصادية والعلوم التجارية وعلوم التسيير 07/05/2026 الطابق الثاني 26982   أ/4448ن3 26982 07/05/2026 07/05/2026 كتب

موارد الويب المفتوحة


© University of Algiers 3 All Rights Reserved
|
Implemented by LECHELAH Riad